[Event "18th Condom Closed Tournament - MI"]
[Site "Condom"]
[Date "2019.07.13"]
[Round "1.1"]
[White "Vedmediuc, Serghei"]
[Black "Nieves Cabanes, Jose Manuel"]
[Result "1-0"]
[WhiteElo "2450"]
[BlackElo "2289"]
[PlyCount "171"]
[EventDate "2019.??.??"]
[WhiteTeam "Mulhouse Philidor"]

1. Nf3 c5 2. e4 Nc6 3. Bb5 g6 4. O-O Bg7 5. Nc3 Nd4 6. Nxd4 cxd4 7. Ne2 a6 8.
Ba4 b5 9. Bb3 Bb7 10. d3 d5 11. f3 e6 12. a4 Ne7 13. Bg5 h6 14. Bh4 O-O 15.
axb5 axb5 16. Rxa8 Bxa8 17. Qa1 Qd7 18. Qa5 g5 19. Bf2 dxe4 20. fxe4 Nf5 21.
Qb6 Ne3 22. Ra1 Qc6 23. Qxc6 Bxc6 24. h3 Rd8 25. Re1 Ra8 26. c3 e5 27. Ng3 Bd7
28. Bxe3 dxe3 29. Nh5 b4 30. Bd5 Ra6 31. Nxg7 Kxg7 32. cxb4 Rb6 33. Rxe3 Rxb4
34. b3 f5 35. exf5 Bxf5 36. Bc4 Kf6 37. Rf3 Kg6 38. Re3 Kf6 39. Kf2 h5 40. Ke1
Rb8 41. Kd2 h4 42. Kc3 g4 43. hxg4 Bxg4 44. Re4 Kf5 45. Be6+ Kxe6 46. Rxg4 Rc8+
47. Rc4 Rg8 48. Rxh4 Rxg2 49. b4 Kd5 50. Rc4 Rg1 51. b5 Rb1 52. Rb4 Rc1+ 53.
Kd2 Rc7 54. b6 Rb7 55. Ke3 Kc5 56. Rb3 Kd5 57. Rb2 Ke6 58. Ke4 Kd6 59. Rb1 Ke6
60. Rh1 Kd6 61. Rh6+ Kc5 62. Kxe5 Re7+ 63. Re6 Rd7 64. b7 Rxb7 65. d4+ Kb5 66.
d5 Rh7 67. Rf6 Rh5+ 68. Kd6 Kc4 69. Rf4+ Kb5 70. Rf1 Rh6+ 71. Ke5 Rh5+ 72. Ke6
Rh6+ 73. Rf6 Rh7 74. Kd6 Kb6 75. Re6 Rg7 76. Rh6 Kb7 77. Rf6 Rh7 78. Re6 Rh5
79. Re7+ Kc8 80. Kc6 Kd8 81. Ra7 Rh1 82. Ra8+ Ke7 83. d6+ Kf7 84. d7 Rc1+ 85.
Kb5 Rb1+ 86. Kc4 1-0

[Event "18th Condom Closed Tournament - MI"]
[Site "Condom"]
[Date "2019.07.13"]
[Round "1.2"]
[White "Favarel, Julien"]
[Black "Grishchenko, Sergey"]
[Result "0-1"]
[WhiteElo "2366"]
[BlackElo "2423"]
[PlyCount "70"]
[EventDate "2019.??.??"]
[WhiteTeam "Bordeaux ASPOM Echecs"]

1. e4 c6 2. d4 d5 3. exd5 cxd5 4. c3 Nc6 5. Bf4 Nf6 6. Bd3 h6 7. Nd2 g5 8. Bg3
Bg7 9. Ngf3 Nh5 10. Be5 Bxe5 11. Nxe5 Nf4 12. Qf3 Nxe5 13. dxe5 Qb6 14. O-O
Qxb2 15. Nb3 Bd7 16. Rfc1 Rc8 17. Bf1 Bf5 18. Qe3 O-O 19. h4 f6 20. Nd4 Be4 21.
f3 fxe5 22. fxe4 exd4 23. Qxd4 Rc4 24. Qxa7 Rxe4 25. Rab1 Ne2+ 26. Bxe2 Qxe2
27. Re1 Qxe1+ 28. Rxe1 Rxe1+ 29. Kh2 gxh4 30. Qxb7 e6 31. c4 h5 32. Qe7 Rff1
33. Qg5+ Kf8 34. Qh6+ Ke7 35. Qg5+ Kd6 0-1

[Event "18th Condom Closed Tournament - MI"]
[Site "Condom"]
[Date "2019.07.13"]
[Round "1.3"]
[White "Lamard, Guillaume"]
[Black "Grollemund, Bertrand"]
[Result "1-0"]
[WhiteElo "2401"]
[BlackElo "2203"]
[PlyCount "71"]
[EventDate "2019.??.??"]
[WhiteTeam "Cannes Echecs"]
[BlackTeam "Echecs Club Montpellier"]

1. e4 c5 2. Nf3 Nc6 3. c3 d5 4. exd5 Qxd5 5. d4 Bf5 6. Be3 Nf6 7. c4 Qd7 8. d5
Nb4 9. Ne5 Qd6 10. Nd3 Ng4 11. Nc3 Nxe3 12. fxe3 Qh6 13. Nxb4 Qxe3+ 14. Be2
cxb4 15. Qa4+ Bd7 16. Qxb4 Qb6 17. Qxb6 axb6 18. O-O-O g6 19. d6 exd6 20. Nd5
Rxa2 21. Kb1 Ra7 22. Nxb6 Be6 23. Rhe1 Be7 24. Nd5 Kd7 25. Bf3 Bd8 26. c5 dxc5
27. Nf4+ Ke7 28. Bd5 Ba5 29. Re4 Rd8 30. Nxe6 fxe6 31. Rxe6+ Kf7 32. Ra6+ Rxd5
33. Rf1+ Kg7 34. Rxa7 Bc7 35. Rxb7 Rd7 36. Rc1 1-0

[Event "18th Condom Closed Tournament - MI"]
[Site "Condom"]
[Date "2019.07.13"]
[Round "1.4"]
[White "Le Hetet, Nicolas"]
[Black "Villegas, Pierre"]
[Result "1/2-1/2"]
[WhiteElo "2392"]
[BlackElo "2349"]
[PlyCount "42"]
[EventDate "2019.??.??"]
[WhiteTeam "Echiquier Agenais"]
[BlackTeam "C.E.M.C. Monaco"]

1. e4 c6 2. d4 d5 3. e5 Bf5 4. Nf3 e6 5. Be2 Nd7 6. O-O h6 7. Nbd2 Ne7 8. c4 g5
9. b3 Ng6 10. Ne1 Nf4 11. Bb2 Bg7 12. g3 Nxe2+ 13. Qxe2 O-O 14. f4 gxf4 15.
Rxf4 f6 16. exf6 Rxf6 17. Nef3 Nf8 18. Ne5 Ng6 19. Nxg6 Bxg6 20. Raf1 Rxf4 21.
Rxf4 Qe7 1/2-1/2

[Event "18th Condom Closed Tournament - MI"]
[Site "Condom"]
[Date "2019.07.13"]
[Round "1.5"]
[White "Laurent-Paoli, Pierre"]
[Black "Boyer, Mahel"]
[Result "1-0"]
[WhiteElo "2362"]
[BlackElo "2295"]
[PlyCount "61"]
[EventDate "2019.??.??"]
[WhiteTeam "Echecs Club Montpellier"]
[BlackTeam "Echiquier Nimois"]

1. d4 Nf6 2. c4 e6 3. Nf3 d5 4. g3 Be7 5. Bg2 O-O 6. Qc2 c6 7. O-O b6 8. b3 Bb7
9. Nc3 Na6 10. Rd1 c5 11. dxc5 Nxc5 12. cxd5 exd5 13. Bb2 Qd7 14. e4 Rad8 15.
Nxd5 Nxd5 16. exd5 Bxd5 17. Nh4 Qb7 18. Rxd5 Rxd5 19. Nf5 Rfd8 20. b4 Ne6 21.
Bxd5 Rxd5 22. Qc8+ Qxc8 23. Nxe7+ Kf8 24. Nxc8 Rd2 25. Be5 f6 26. Bb8 Rd8 27.
Rc1 Nd4 28. Kg2 Ne2 29. Rc7 Nd4 30. Bxa7 Nb5 31. Rc2 1-0

[Event "18th Condom Closed Tournament - MI"]
[Site "Condom"]
[Date "2019.07.14"]
[Round "2.1"]
[White "Grishchenko, Sergey"]
[Black "Vedmediuc, Serghei"]
[Result "1/2-1/2"]
[WhiteElo "2423"]
[BlackElo "2450"]
[PlyCount "24"]
[EventDate "2019.??.??"]
[BlackTeam "Mulhouse Philidor"]

1. d4 d5 2. c4 c6 3. Nc3 Nf6 4. cxd5 cxd5 5. Bf4 Nc6 6. e3 Bg4 7. Qb3 Na5 8.
Qa4+ Bd7 9. Qc2 e6 10. Bd3 Rc8 11. Nf3 Be7 12. O-O O-O 1/2-1/2

[Event "18th Condom Closed Tournament - MI"]
[Site "Condom"]
[Date "2019.07.14"]
[Round "2.2"]
[White "Lamard, Guillaume"]
[Black "Le Hetet, Nicolas"]
[Result "0-1"]
[WhiteElo "2401"]
[BlackElo "2392"]
[PlyCount "62"]
[EventDate "2019.??.??"]
[WhiteTeam "Cannes Echecs"]
[BlackTeam "Echiquier Agenais"]

1. e4 c5 2. Nf3 Nc6 3. Bb5 g6 4. Bxc6 dxc6 5. d3 Bg7 6. h3 Nf6 7. Nc3 O-O 8.
Bf4 Nd7 9. Qd2 e5 10. Bh6 Qe7 11. Bxg7 Kxg7 12. h4 f6 13. h5 g5 14. Nh2 Rd8 15.
g3 c4 16. O-O-O Nc5 17. h6+ Kg8 18. f4 cxd3 19. Qe3 b5 20. fxg5 fxg5 21. cxd3
b4 22. Ne2 Ba6 23. Nf3 Bxd3 24. Rh5 Kh8 25. Rxg5 b3 26. a3 Bc2 27. Rd5 Nd3+ 28.
Kd2 cxd5 29. Rg7 Qf6 30. Ng5 Nxb2 31. Qf2 dxe4+ 0-1

[Event "18th Condom Closed Tournament - MI"]
[Site "Condom"]
[Date "2019.07.14"]
[Round "2.3"]
[White "Boyer, Mahel"]
[Black "Favarel, Julien"]
[Result "0-1"]
[WhiteElo "2295"]
[BlackElo "2366"]
[PlyCount "46"]
[EventDate "2019.??.??"]
[WhiteTeam "Echiquier Nimois"]
[BlackTeam "Bordeaux ASPOM Echecs"]

1. d4 d5 2. c4 e6 3. Nc3 Nf6 4. Nf3 a6 5. c5 b6 6. cxb6 c5 7. Bf4 Bd6 8. Bxd6
Qxd6 9. Qb3 Nbd7 10. Na4 c4 11. Qa3 Qxa3 12. bxa3 Rb8 13. Rb1 Bb7 14. e3 Ke7
15. Be2 Bc6 16. Nc3 Rhc8 17. O-O Nxb6 18. Ne5 Be8 19. Bd1 Ne4 20. Nxe4 dxe4 21.
Be2 Bb5 22. a4 Nxa4 23. Bxc4 f6 0-1

[Event "18th Condom Closed Tournament - MI"]
[Site "Condom"]
[Date "2019.07.14"]
[Round "2.4"]
[White "Villegas, Pierre"]
[Black "Laurent-Paoli, Pierre"]
[Result "0-1"]
[WhiteElo "2349"]
[BlackElo "2362"]
[PlyCount "62"]
[EventDate "2019.??.??"]
[WhiteTeam "C.E.M.C. Monaco"]
[BlackTeam "Echecs Club Montpellier"]

1. d4 Nf6 2. c4 c5 3. d5 b5 4. cxb5 a6 5. bxa6 g6 6. Nc3 Bg7 7. e4 O-O 8. e5
Ne8 9. h4 Bxa6 10. Nf3 d6 11. Bxa6 Nxa6 12. e6 Qa5 13. exf7+ Rxf7 14. Bd2 Nb4
15. O-O Nc7 16. h5 Qa6 17. hxg6 hxg6 18. Ng5 Rf5 19. Qg4 Nbxd5 20. Nxd5 Nxd5
21. Ne6 Kf7 22. Ng5+ Ke8 23. Ne6 Kf7 24. Ng5+ Ke8 25. Ne4 Kf7 26. Rae1 Rh8 27.
Ng5+ Ke8 28. g3 Bf6 29. Nf3 Qd3 30. Kg2 Rxf3 31. Qxf3 Rh2+ 0-1

[Event "18th Condom Closed Tournament - MI"]
[Site "Condom"]
[Date "2019.07.14"]
[Round "2.5"]
[White "Grollemund, Bertrand"]
[Black "Nieves Cabanes, Jose Manuel"]
[Result "0-1"]
[WhiteElo "2203"]
[BlackElo "2289"]
[PlyCount "110"]
[EventDate "2019.??.??"]
[WhiteTeam "Echecs Club Montpellier"]

1. e4 e6 2. d4 d5 3. e5 c5 4. c3 Nc6 5. Nf3 Qb6 6. Bd3 cxd4 7. cxd4 Bd7 8. O-O
Nxd4 9. Nbd2 Nxf3+ 10. Nxf3 Nh6 11. Bg5 Bc5 12. Qd2 Nf5 13. Bxf5 exf5 14. a3 h6
15. b4 Bxf2+ 16. Rxf2 hxg5 17. Qxg5 Qh6 18. Rc1 a5 19. Rfc2 axb4 20. axb4 Qxg5
21. Nxg5 Rh4 22. b5 Rg4 23. h4 d4 24. Rc7 Ra2 25. R1c2 Rxc2 26. Rxc2 d3 27. Rb2
Rxh4 28. Nf3 Rc4 29. Rb3 Rc1+ 30. Kf2 Rc2+ 31. Ke3 Rxg2 32. Kxd3 Rg3 33. Ke3 g5
34. Kf2 f4 35. Rb4 g4 36. Ng5 Ra3 37. Rxf4 g3+ 38. Kg1 Bxb5 39. Nxf7 Bc6 40.
Nd6+ Ke7 41. Rf1 g2 42. Re1 Rh3 43. Kf2 Rh1 44. Nf5+ Ke6 45. Nd4+ Kd5 46. Nf3
Rxe1 47. Kxe1 Ke4 48. Kf2 Kf4 49. Ng1 Kxe5 50. Ke3 b5 51. Ne2 Be4 52. Kd2 Bf3
53. Ng1 Kf4 54. Kc3 Kg3 55. Kb4 Bc6 0-1

[Event "18th Condom Closed Tournament - MI"]
[Site "Condom"]
[Date "2019.07.15"]
[Round "3.1"]
[White "Vedmediuc, Serghei"]
[Black "Boyer, Mahel"]
[Result "1-0"]
[WhiteElo "2450"]
[BlackElo "2295"]
[PlyCount "61"]
[EventDate "2019.??.??"]
[WhiteTeam "Mulhouse Philidor"]
[BlackTeam "Echiquier Nimois"]

1. e4 e6 2. d4 d5 3. Nc3 Nf6 4. e5 Nfd7 5. f4 c5 6. Nf3 Nc6 7. Be3 Be7 8. Qd2
O-O 9. dxc5 Qa5 10. a3 Nxc5 11. Rd1 Qd8 12. Be2 b6 13. b4 Nd7 14. Nb5 f6 15. c4
Ndb8 16. cxd5 exd5 17. Qxd5+ Qxd5 18. Rxd5 Be6 19. Rd2 Rc8 20. O-O fxe5 21.
fxe5 a5 22. Nd6 Rf8 23. b5 Nd8 24. Bxb6 Nd7 25. Be3 Nf7 26. Nd4 Bxd6 27. Nxe6
Rfe8 28. Nc7 Rxe5 29. Nxa8 Rxe3 30. Rxf7 Bc5 31. Rdxd7 1-0

[Event "18th Condom Closed Tournament - MI"]
[Site "Condom"]
[Date "2019.07.15"]
[Round "3.2"]
[White "Nieves Cabanes, Jose Manuel"]
[Black "Grishchenko, Sergey"]
[Result "1/2-1/2"]
[WhiteElo "2289"]
[BlackElo "2423"]
[PlyCount "36"]
[EventDate "2019.??.??"]

1. d4 d5 2. Bf4 e6 3. e3 Nf6 4. Nf3 Bd6 5. Bg3 Nc6 6. Nbd2 Qe7 7. c3 a6 8. Ne5
Nd7 9. f4 O-O 10. Bd3 f6 11. Nxc6 bxc6 12. e4 Qf7 13. O-O f5 14. e5 Be7 15. b4
a5 16. a3 Ba6 17. Nb3 axb4 18. axb4 Nb6 1/2-1/2

[Event "18th Condom Closed Tournament - MI"]
[Site "Condom"]
[Date "2019.07.15"]
[Round "3.3"]
[White "Laurent-Paoli, Pierre"]
[Black "Lamard, Guillaume"]
[Result "0-1"]
[WhiteElo "2362"]
[BlackElo "2401"]
[PlyCount "80"]
[EventDate "2019.??.??"]
[WhiteTeam "Echecs Club Montpellier"]
[BlackTeam "Cannes Echecs"]

1. d4 Nf6 2. c4 e6 3. Nf3 d5 4. g3 Bb4+ 5. Bd2 Be7 6. Bg2 O-O 7. O-O Nbd7 8.
Qc2 c6 9. Bf4 Nh5 10. Bc1 f5 11. b3 Nhf6 12. Ba3 Ne4 13. Qb2 a6 14. Bxe7 Qxe7
15. Na3 b6 16. Rac1 Bb7 17. Rfd1 Rac8 18. Nc2 g5 19. Nce1 g4 20. Ne5 Nxe5 21.
dxe5 c5 22. Nd3 d4 23. Nf4 Ng5 24. Bxb7 Qxb7 25. a3 Qe4 26. b4 Rb8 27. Qc2 Qxe5
28. Rb1 Qe4 29. Qxe4 fxe4 30. Kg2 e5 31. Nd5 Rb7 32. bxc5 Rbf7 33. cxb6 Rxf2+
34. Kg1 Rxe2 35. b7 e3 36. Rf1 Nf3+ 37. Rxf3 gxf3 38. Ne7+ Kg7 39. Nc8 f2+ 40.
Kf1 Rc2 0-1

[Event "18th Condom Closed Tournament - MI"]
[Site "Condom"]
[Date "2019.07.15"]
[Round "3.4"]
[White "Le Hetet, Nicolas"]
[Black "Grollemund, Bertrand"]
[Result "1/2-1/2"]
[WhiteElo "2392"]
[BlackElo "2203"]
[PlyCount "55"]
[EventDate "2019.??.??"]
[WhiteTeam "Echiquier Agenais"]
[BlackTeam "Echecs Club Montpellier"]

1. e4 c5 2. Nf3 Nc6 3. Nc3 e5 4. Bc4 Be7 5. d3 d6 6. O-O Nf6 7. Ng5 O-O 8. f4
Bg4 9. Qd2 exf4 10. Qxf4 Ne5 11. Kh1 h6 12. Nf3 Nxc4 13. dxc4 Be6 14. b3 Ng4
15. Nd5 Bxd5 16. Qxg4 h5 17. Qf5 Bc6 18. Bb2 Bf6 19. e5 dxe5 20. Nxe5 Bxe5 21.
Qxe5 f6 22. Qxc5 Qd2 23. Rf2 Qh6 24. b4 Qg6 25. Kg1 Be4 26. Qd4 Rfd8 27. Qc3
Rd7 28. Qg3 1/2-1/2

[Event "18th Condom Closed Tournament - MI"]
[Site "Condom"]
[Date "2019.07.15"]
[Round "4.1"]
[White "Villegas, Pierre"]
[Black "Vedmediuc, Serghei"]
[Result "1/2-1/2"]
[WhiteElo "2349"]
[BlackElo "2450"]
[PlyCount "30"]
[EventDate "2019.??.??"]
[WhiteTeam "C.E.M.C. Monaco"]
[BlackTeam "Mulhouse Philidor"]

1. d4 d5 2. c4 c6 3. cxd5 cxd5 4. Nc3 Nf6 5. Bf4 Nc6 6. Nf3 Bf5 7. e3 e6 8. Bd3
Bxd3 9. Qxd3 Bd6 10. Bxd6 Qxd6 11. O-O O-O 12. Rfc1 Rfc8 13. h3 h6 14. Ne2 Ne7
15. Rxc8+ Rxc8 1/2-1/2

[Event "18th Condom Closed Tournament - MI"]
[Site "Condom"]
[Date "2019.07.15"]
[Round "4.2"]
[White "Grollemund, Bertrand"]
[Black "Grishchenko, Sergey"]
[Result "0-1"]
[WhiteElo "2203"]
[BlackElo "2423"]
[PlyCount "60"]
[EventDate "2019.??.??"]
[WhiteTeam "Echecs Club Montpellier"]

1. e4 c6 2. d4 d5 3. e5 c5 4. dxc5 e6 5. a3 Bxc5 6. b4 Bb6 7. Qg4 Ne7 8. Nf3
Ng6 9. Bd3 Nc6 10. Bb2 Nce7 11. O-O Nf5 12. c4 h5 13. Qg5 Qxg5 14. Nxg5 dxc4
15. Bxc4 Bd7 16. Nd2 Ne3 17. Rfc1 Ng4 18. Nde4 N4xe5 19. Nd6+ Ke7 20. Nxb7 Nxc4
21. Rxc4 Bb5 22. Rc2 f6 23. Nf3 Bd3 24. Rd2 Be4 25. Nd6 Bxf3 26. gxf3 Nh4 27.
Rd3 Rhd8 28. Rad1 Bc7 29. Nb5 Nxf3+ 30. Kg2 Rxd3 0-1

[Event "18th Condom Closed Tournament - MI"]
[Site "Condom"]
[Date "2019.07.15"]
[Round "4.3"]
[White "Lamard, Guillaume"]
[Black "Favarel, Julien"]
[Result "1-0"]
[WhiteElo "2401"]
[BlackElo "2366"]
[PlyCount "81"]
[EventDate "2019.??.??"]
[WhiteTeam "Cannes Echecs"]
[BlackTeam "Bordeaux ASPOM Echecs"]

1. Nf3 d5 2. g3 Nf6 3. Bg2 c5 4. O-O Nc6 5. d4 e6 6. c4 dxc4 7. Ne5 Bd7 8. Na3
cxd4 9. Naxc4 Be7 10. Qb3 Qc8 11. Bg5 O-O 12. Rac1 h6 13. Bd2 Nd5 14. Na5 Nxa5
15. Bxa5 Bc6 16. Nxc6 bxc6 17. Qc4 c5 18. Bxd5 exd5 19. Qxd5 Qa6 20. Bc7 Rfe8
21. Qc4 Qb7 22. Bf4 Bf8 23. Rc2 Re4 24. Qd3 Rae8 25. Bc1 h5 26. b3 h4 27. f3
R4e6 28. Bf4 Qe7 29. Kf2 Qf6 30. Re1 g5 31. Bc1 hxg3+ 32. hxg3 Qh6 33. Kg2 Bd6
34. Rh1 Qg7 35. Rh5 Re5 36. g4 Kf8 37. Kf1 Qf6 38. b4 cxb4 39. Qxd4 R8e6 40.
Rc8+ Kg7 41. Rhh8 1-0

[Event "18th Condom Closed Tournament - MI"]
[Site "Condom"]
[Date "2019.07.15"]
[Round "4.4"]
[White "Le Hetet, Nicolas"]
[Black "Laurent-Paoli, Pierre"]
[Result "1-0"]
[WhiteElo "2392"]
[BlackElo "2362"]
[PlyCount "87"]
[EventDate "2019.??.??"]
[WhiteTeam "Echiquier Agenais"]
[BlackTeam "Echecs Club Montpellier"]

1. e4 Nc6 2. d4 d5 3. Nc3 dxe4 4. d5 Nb8 5. Bf4 Nf6 6. f3 e6 7. dxe6 Bxe6 8.
Qxd8+ Kxd8 9. O-O-O+ Nbd7 10. fxe4 Ng4 11. Nh3 Bc5 12. Be2 c6 13. Rd3 Ke8 14.
Bxg4 Bxg4 15. Re1 Be7 16. Nf2 Bh5 17. Rd2 Nc5 18. Nh1 Ne6 19. Be3 Bf6 20. Ng3
g6 21. Rf1 Be5 22. Nxh5 gxh5 23. Rf5 Bxh2 24. Rxh5 Bc7 25. Rf2 Bb6 26. Bxb6
axb6 27. e5 Ke7 28. Ne4 Rxa2 29. Nd6 Nd8 30. Nc8+ Ke8 31. Nxb6 Ra1+ 32. Kd2 Rg1
33. Nc4 Rg8 34. Ne3 Rg7 35. Rf4 Ne6 36. Rfh4 Nf8 37. Ke2 Rb1 38. b3 Rg6 39. Ra4
Nd7 40. Ra8+ Ke7 41. Nf5+ Ke6 42. Re8+ Kd5 43. Ne3+ Kd4 44. Rd8 1-0

[Event "18th Condom Closed Tournament - MI"]
[Site "Condom"]
[Date "2019.07.15"]
[Round "4.5"]
[White "Boyer, Mahel"]
[Black "Nieves Cabanes, Jose Manuel"]
[Result "0-1"]
[WhiteElo "2295"]
[BlackElo "2289"]
[PlyCount "46"]
[EventDate "2019.??.??"]
[WhiteTeam "Echiquier Nîmois"]

1. e4 e5 2. Bc4 Nf6 3. d3 Bb4+ 4. c3 Be7 5. f4 Nc6 6. Nf3 d6 7. O-O O-O 8. Kh1
Bg4 9. h3 Bd7 10. g4 exf4 11. Bxf4 Na5 12. Bb3 Nxb3 13. Qxb3 Qc8 14. c4 h5 15.
Nc3 hxg4 16. hxg4 Bxg4 17. Qc2 c6 18. Qf2 Nh5 19. Bh2 f5 20. e5 f4 21. Rg1 Ng3+
22. Bxg3 fxg3 23. Rxg3 Bh4 0-1

[Event "18th Condom Closed Tournament - MI"]
[Site "Condom"]
[Date "2019.07.16"]
[Round "5.1"]
[White "Vedmediuc, Serghei"]
[Black "Lamard, Guillaume"]
[Result "1/2-1/2"]
[WhiteElo "2450"]
[BlackElo "2401"]
[PlyCount "132"]
[EventDate "2019.??.??"]
[WhiteTeam "Mulhouse Philidor"]
[BlackTeam "Cannes Echecs"]

1. Nf3 Nf6 2. c4 e6 3. g3 b6 4. Bg2 Bb7 5. O-O Be7 6. Nc3 O-O 7. d4 Ne4 8. Qc2
Nxc3 9. Qxc3 Be4 10. b3 Qc8 11. Bb2 Bf6 12. Rfd1 Qb7 13. Rac1 d6 14. Qe3 Rd8
15. Bc3 Nd7 16. Ne1 Bxg2 17. Nxg2 a5 18. d5 e5 19. Rc2 Nc5 20. Ne1 g6 21. Nd3
Bg7 22. Rb1 Rdb8 23. a3 Qc8 24. Rcb2 Qf5 25. Nxc5 bxc5 26. Qd2 Rb7 27. f3 a4
28. g4 Qf4 29. Qxf4 exf4 30. Bxg7 Kxg7 31. b4 Rab8 32. b5 Re8 33. Kf2 Re3 34.
b6 Rxa3 35. bxc7 Rxc7 36. Rb7 Rxb7 37. Rxb7 Rb3 38. Ra7 Rb4 39. Ra6 Rxc4 40.
Rxd6 Rd4 41. Ra6 g5 42. Ra5 Rxd5 43. Rxa4 Rd6 44. h4 h6 45. hxg5 hxg5 46. Rc4
Rc6 47. e3 fxe3+ 48. Kxe3 Kf6 49. f4 gxf4+ 50. Rxf4+ Kg6 51. Kd3 Rf6 52. Rc4
Rd6+ 53. Kc3 Rd5 54. Ra4 Rg5 55. Ra6+ f6 56. Rc6 Re5 57. Rc8 Kf7 58. Rc7+ Ke6
59. Kc4 Re4+ 60. Kc3 Rxg4 61. Rxc5 Re4 62. Kd3 Re1 63. Rc2 Kf7 64. Re2 Rxe2 65.
Kxe2 Kg6 66. Kf2 Kf5 1/2-1/2

[Event "18th Condom Closed Tournament - MI"]
[Site "Condom"]
[Date "2019.07.16"]
[Round "5.2"]
[White "Grishchenko, Sergey"]
[Black "Boyer, Mahel"]
[Result "0-1"]
[WhiteElo "2423"]
[BlackElo "2295"]
[PlyCount "76"]
[EventDate "2019.??.??"]
[BlackTeam "Echiquier Nimois"]

1. d4 Nf6 2. c4 e6 3. Nc3 c5 4. d5 exd5 5. cxd5 d6 6. Nf3 g6 7. Bg5 Bg7 8. Nd2
h6 9. Bh4 a6 10. a4 g5 11. Bg3 Nh5 12. e3 Nxg3 13. hxg3 Nd7 14. Qc2 Ne5 15. Be2
O-O 16. f3 Rb8 17. a5 b5 18. axb6 Qxb6 19. Nd1 Re8 20. O-O Bb7 21. f4 Ng6 22.
f5 Ne5 23. f6 Bh8 24. Nc4 Qd8 25. Nxe5 Rxe5 26. e4 Bxf6 27. Ne3 Re8 28. Nf5 Bg7
29. Bh5 Rf8 30. e5 Bxd5 31. exd6 Rxb2 32. Qxc5 Rxg2+ 33. Kh1 Rd2+ 34. Kg1 Ba8
35. Rfd1 Rg2+ 36. Kf1 Qf6 37. Rxa6 Be4 38. Ra4 Rc2 0-1

[Event "18th Condom Closed Tournament - MI"]
[Site "Condom"]
[Date "2019.07.16"]
[Round "5.3"]
[White "Favarel, Julien"]
[Black "Le Hetet, Nicolas"]
[Result "0-1"]
[WhiteElo "2366"]
[BlackElo "2392"]
[PlyCount "84"]
[EventDate "2019.??.??"]
[WhiteTeam "Bordeaux ASPOM Echecs"]
[BlackTeam "Echiquier Agenais"]

1. d4 d5 2. c4 c6 3. cxd5 cxd5 4. Nc3 Nf6 5. Bf4 Nc6 6. e3 a6 7. Rc1 Bf5 8. Nf3
e6 9. Qb3 Ra7 10. Ne5 Nxe5 11. Bxe5 Nd7 12. Bg3 Be7 13. Be2 O-O 14. O-O b5 15.
a4 b4 16. Na2 Qa8 17. a5 h5 18. Bxh5 Qd8 19. Rc6 Qxa5 20. Rfc1 Qb5 21. Rc7 Rxc7
22. Rxc7 Bd8 23. Rc8 Be7 24. Rc7 Bd8 25. Rc1 Be7 26. Qd1 b3 27. Be2 Qb7 28. Nc3
Rc8 29. Qf1 Rc6 30. f3 Bb4 31. Be1 Bc2 32. Na4 Bd6 33. Ba5 Bb4 34. Bxb4 Qxb4
35. Ra1 e5 36. dxe5 Nxe5 37. Bxa6 Qd2 38. Bb5 Bd3 39. Bxd3 Nxd3 40. h3 Qxe3+
41. Kh2 Rc2 42. Nc3 Nxb2 0-1

[Event "18th Condom Closed Tournament - MI"]
[Site "Condom"]
[Date "2019.07.16"]
[Round "5.4"]
[White "Laurent-Paoli, Pierre"]
[Black "Grollemund, Bertrand"]
[Result "1-0"]
[WhiteElo "2362"]
[BlackElo "2203"]
[PlyCount "47"]
[EventDate "2019.??.??"]
[WhiteTeam "Echecs Club Montpellier"]
[BlackTeam "Echecs Club Montpellier"]

1. Nf3 Nf6 2. c4 g6 3. Nc3 d5 4. cxd5 Nxd5 5. h4 h6 6. e4 Nb6 7. d4 Bg7 8. Be3
Bg4 9. Qd2 Bxf3 10. gxf3 Nc6 11. O-O-O e5 12. d5 Nd4 13. f4 Qe7 14. Rh3 c5 15.
fxe5 Qxe5 16. f4 Qe7 17. e5 Nf5 18. Bb5+ Kf8 19. Qf2 Nxe3 20. Rxe3 h5 21. Ne4
Rd8 22. d6 Qe6 23. Ng5 Qxa2 24. Ra3 1-0

[Event "18th Condom Closed Tournament - MI"]
[Site "Condom"]
[Date "2019.07.16"]
[Round "5.5"]
[White "Nieves Cabanes, Jose Manuel"]
[Black "Villegas, Pierre"]
[Result "1/2-1/2"]
[WhiteElo "2289"]
[BlackElo "2349"]
[PlyCount "61"]
[EventDate "2019.??.??"]
[BlackTeam "C.E.M.C. Monaco"]

1. Nf3 d5 2. c4 e6 3. g3 Nf6 4. Bg2 dxc4 5. Qa4+ Nbd7 6. Qxc4 c5 7. O-O b6 8.
Nc3 Bb7 9. e4 Rc8 10. Rd1 Bd6 11. Qe2 O-O 12. d4 cxd4 13. Nxd4 Qe7 14. Ncb5 Bb8
15. b3 Nc5 16. Ba3 Rfd8 17. Rac1 a6 18. Nc3 Be5 19. Nf3 Bxc3 20. Rxc3 Rxd1+ 21.
Qxd1 Nfxe4 22. Rc2 Rd8 23. Qe2 Qd6 24. Nd2 Qxd2 25. Rxd2 Rxd2 26. Qe1 Nd3 27.
Qxd2 Nxd2 28. Bxb7 a5 29. Be7 Nb4 30. Bg5 Nb1 31. Bd8 1/2-1/2

[Event "18th Condom Closed Tournament - MI"]
[Site "Condom"]
[Date "2019.07.17"]
[Round "6.2"]
[White "Villegas, Pierre"]
[Black "Grishchenko, Sergey"]
[Result "1/2-1/2"]
[WhiteElo "2349"]
[BlackElo "2423"]
[PlyCount "39"]
[EventDate "2019.??.??"]
[WhiteTeam "C.E.M.C. Monaco"]

1. d4 d5 2. c4 e6 3. Nc3 c5 4. cxd5 exd5 5. Nf3 Nc6 6. g3 c4 7. Bg2 Bb4 8. O-O
Nge7 9. e4 dxe4 10. Nxe4 O-O 11. a3 Ba5 12. Qa4 Bg4 13. Qxc4 Rc8 14. Qa4 Bxf3
15. Bxf3 Nxd4 16. Qd1 f5 17. Ng5 Nxf3+ 18. Qxf3 Qd5 19. Rd1 Qxf3 20. Nxf3
1/2-1/2

[Event "18th Condom Closed Tournament - MI"]
[Site "Condom"]
[Date "2019.07.17"]
[Round "6.3"]
[White "Lamard, Guillaume"]
[Black "Nieves Cabanes, Jose Manuel"]
[Result "1-0"]
[WhiteElo "2401"]
[BlackElo "2289"]
[PlyCount "101"]
[EventDate "2019.??.??"]
[WhiteTeam "Cannes Echecs"]

1. Nf3 Nf6 2. c4 e6 3. Nc3 d5 4. e3 c5 5. d4 Nc6 6. cxd5 exd5 7. Bb5 cxd4 8.
exd4 Bb4 9. O-O O-O 10. Bg5 Bxc3 11. bxc3 Qd6 12. Bxc6 Qxc6 13. Ne5 Qd6 14.
Bxf6 Qxf6 15. Qb3 Qd6 16. Rfe1 b6 17. Qb4 Qc7 18. Re3 Be6 19. Rae1 Rac8 20. h3
Bf5 21. Qb5 Qd6 22. Qb3 h6 23. Nf3 Be6 24. Ne5 Bf5 25. Qd1 Rc7 26. Qh5 Be4 27.
Rg3 Kh7 28. Ree3 Bg6 29. Qg4 Rg8 30. Ref3 b5 31. h4 h5 32. Qf4 Rd8 33. Qg5 Rg8
34. Re3 a5 35. Nxg6 fxg6 36. Re5 Rd8 37. Qe3 Qf6 38. Qd3 b4 39. Rxg6 Rxc3 40.
Rxh5+ Kg8 41. Rxf6 Rxd3 42. Ra6 Ra3 43. Ra7 Rxa2 44. Rg5 b3 45. Rgxg7+ Kh8 46.
Rh7+ Kg8 47. Rhb7 b2 48. Kh2 a4 49. h5 a3 50. Rg7+ Kf8 51. Rh7 1-0

[Event "18th Condom Closed Tournament - MI"]
[Site "Condom"]
[Date "2019.07.17"]
[Round "6.4"]
[White "Laurent-Paoli, Pierre"]
[Black "Favarel, Julien"]
[Result "1/2-1/2"]
[WhiteElo "2362"]
[BlackElo "2366"]
[PlyCount "139"]
[EventDate "2019.??.??"]
[WhiteTeam "Echecs Club Montpellier"]
[BlackTeam "Bordeaux ASPOM Echecs"]

1. Nf3 Nf6 2. g3 d5 3. Bg2 e6 4. O-O c5 5. c4 dxc4 6. Qa4+ Bd7 7. Qxc4 Bc6 8.
Nc3 Nbd7 9. e4 Be7 10. Qe2 O-O 11. d4 b5 12. Rd1 b4 13. d5 Bb7 14. d6 bxc3 15.
dxe7 Qxe7 16. e5 Nd5 17. Bg5 Qe8 18. Qc2 cxb2 19. Qxb2 Rb8 20. Qc2 Nb4 21. Qc3
Bd5 22. Be3 Nxa2 23. Qd2 Nb4 24. Rxa7 Nc6 25. Raa1 Ra8 26. Qc2 Nb4 27. Qc3 Rxa1
28. Rxa1 Qc8 29. Bf4 Qb7 30. h4 Ra8 31. Rxa8+ Qxa8 32. h5 h6 33. Qe3 Qa1+ 34.
Kh2 Qb1 35. Nh4 Bxg2 36. Kxg2 Nd5 37. Qe2 Qb4 38. Bd2 Qd4 39. Nf3 Qb2 40. Qe4
c4 41. Qxc4 Nxe5 42. Qc8+ Kh7 43. Bc1 Qe2 44. Nxe5 Qxe5 45. Qc2+ f5 46. Bb2 Qd6
47. Qe2 Qc6 48. Kh2 Qd7 49. Ba1 Qf7 50. Kg2 Qa7 51. Bb2 Qb6 52. Kh2 Kg8 53. Ba1
Kf7 54. Kg2 Qb7 55. Kh2 Qb4 56. f3 Qc5 57. Be5 Qc1 58. Bxg7 Kxg7 59. Qxe6 Qd2+
60. Kh3 Kf8 61. Qxf5+ Ke8 62. Qg6+ Ke7 63. Qg7+ Ke6 64. Qg4+ Kd6 65. Qg6+ Kc5
66. Qf5 Kd6 67. Qg6+ Kc5 68. Qf5 Kd6 69. Qg6+ Kc5 70. Qf5 1/2-1/2